Lèxic del restaurant (Registre núm. 65455)
[ vista simple ]
| 000 -LEADER | |
|---|---|
| campo de control de longitud fija | 00987akm a2200373a 44500 |
| 008 - DATOS DE LONGITUD FIJA--INFORMACIÓN GENERAL | |
| campo de control de longitud fija | 100420s2009 cat |
| 041 ## - CÓDIGO DE IDIOMA | |
| Código de lengua del texto/banda sonora o título independiente | cat |
| 041 ## - CÓDIGO DE IDIOMA | |
| Llengües tractades | spa |
| 080 ## - NÚMERO DE LA CLASIFICACIÓN DECIMAL UNIVERSAL | |
| Número de la Clasificación Decimal Universal | 641(038) |
| 245 ## - MENCIÓN DEL TÍTULO | |
| Título | Lèxic del restaurant |
| 245 ## - MENCIÓN DEL TÍTULO | |
| Medio | [tríptic] |
| 260 ## - PUBLICACIÓN, DISTRIBUCIÓN, ETC. | |
| Lugar de publicación, distribución, etc. | [València] |
| 260 ## - PUBLICACIÓN, DISTRIBUCIÓN, ETC. | |
| Nombre del editor, distribuidor, etc. | Acadèmia Valenciana de la Llengua |
| 260 ## - PUBLICACIÓN, DISTRIBUCIÓN, ETC. | |
| Fecha de publicación, distribución, etc. | 2009 |
| 300 ## - DESCRIPCIÓN FÍSICA | |
| Extensión | 1 tríptic. |
| Otras características físicas | il. |
| 500 ## - NOTA GENERAL | |
| Nota general | Categoria gramatical |
| 520 ## - RESUMEN, ETC. | |
| Nombre de termes | aprox. 100 |
| 591 ## - Codi de font | |
| Codi de font | 10191 |
| 592 ## - Tipus obra | |
| Tipus d'obra | Obra terminològica |
| 593 ## - Codi CGAT | |
| Codi de la CGAT | KQ |
| 593 ## - Codi CGAT | |
| Codi de la CGAT | KQM |
| 593 ## - Codi CGAT | |
| Codi de la CGAT | KR |
| 594 ## - Número de document | |
| Número de document | 10191 |
| 650 ## - PUNTO DE ACCESO ADICIONAL DE MATERIA--TÉRMINO DE MATERIA | |
| Término de materia o nombre geográfico como elemento de entrada | aliments |
| 9 (RLIN) | 60792 |
| 650 ## - PUNTO DE ACCESO ADICIONAL DE MATERIA--TÉRMINO DE MATERIA | |
| Término de materia o nombre geográfico como elemento de entrada | gastronomia |
| 9 (RLIN) | 60827 |
| 650 ## - PUNTO DE ACCESO ADICIONAL DE MATERIA--TÉRMINO DE MATERIA | |
| Término de materia o nombre geográfico como elemento de entrada | restauració |
| 9 (RLIN) | 62753 |
| 856 ## - LOCALIZACIÓN Y ACCESO ELECTRÓNICOS | |
| Identificador Uniforme de Recursos | <a href="https://www.avl.gva.es/wp-content/uploads/2023/03/382-03_tripticrestaurant.pdf">https://www.avl.gva.es/wp-content/uploads/2023/03/382-03_tripticrestaurant.pdf</a> |
| 901 ## - ELEMENTOS DE DATOS A LOCAL LDA (RLIN) | |
| c | [<2009>] |
| 902 ## - ELEMENTOS DE DATOS B LOCAL, LDB (RLIN) | |
| a | 100420 |
| 942 ## - ELEMENTOS DE ENTRADA SECUNDARIOS (KOHA) | |
| Tipo de ítem Koha | Monografia |
| Suprimir en OPAC | No |
| Fuente del sistema de clasificación o colocación | Clasificación Decimal Dewey |
| Estatus retirado | Estado de pérdida | Fuente del sistema de clasificación o colocación | Estado de daño | No para préstamo | Biblioteca de origen | Biblioteca actual | Fecha de adquisición | Signatura topográfica completa | Código de barras | Visto por última vez | Identificador Uniforme de Recursos | Precio de reemplazo | Tipo de ítem Koha |
|---|---|---|---|---|---|---|---|---|---|---|---|---|---|
| ddc | TERMCAT | TERMCAT | 20/04/2010 | KQ Tríptics | 14530 | 30/09/2021 | https://www.avl.gva.es/wp-content/uploads/2023/03/382-03_tripticrestaurant.pdf | 30/09/2021 | MO |